000 00962cad a22002175a 4500
001 E149661
008 100406s2010 xxkao f 000 0 eng d
035 _a(Sirsi) u149661
041 0 _aeng
050 0 4 _a306.1 $2 18
110 2 _aHomes and Communities Agency
_95688
245 0 0 _aHCA proposed core housing design and sustainability standards consultation
_bMarch 2010
_h[electronic resource]
260 _aLondon
_bHCA
_c2010
520 _aSeeks views on options for sustainability core standards for housing, including their level, and how they should be applied. Deadline for comments is 17 June 2010.
590 _aKA NTK
651 4 _aEngland
_y886-
690 _aPROPERTY-RESIDENTIAL PROPERTY-RESIDENTIAL PROPERTY DEVELOPMENT
690 _aENVIRONMENTAL AND LAND CONSULTANCY-SUSTAINABILITY
856 4 0 _uhttps://www.homesandcommunities.co.uk/design-sustainability-standards
_zView the consultation at www.homesandcommunities.co.uk...
942 _n0
999 _c110588
_d110588